|
|
|
|
| LEADER |
01971nam a2200481 i 4500 |
| 001 |
nkc20193070363 |
| 003 |
CZ PrNK |
| 005 |
20190404092254.0 |
| 007 |
ta |
| 008 |
190111s2018 xr f 100 0 cze |
| 015 |
|
|
|a cnb003070363
|
| 020 |
|
|
|a 978-80-270-5326-1
|q (brožováno)
|
| 035 |
|
|
|a (OCoLC)1096285719
|
| 040 |
|
|
|a BOA001
|b cze
|d ABA001
|e rda
|
| 072 |
|
7 |
|a 14
|x Filozofické systémy a hlediska
|2 Konspekt
|9 5
|
| 080 |
|
|
|a 141.12:162.6
|2 MRF
|
| 080 |
|
|
|a 32
|2 MRF
|
| 080 |
|
|
|a 316.3
|2 MRF
|
| 080 |
|
|
|a (062.534)
|2 MRF
|
| 111 |
2 |
|
|a Dialektická metoda v řešení aktuálních společensko-politických problémů v ČR (seminář)
|d (2018 :
|c Praha, Česko)
|7 mzk20191024540
|4 aut
|
| 245 |
1 |
0 |
|a Dialektika v praxi :
|b sborník vystoupení a textů z odborného semináře
|
| 264 |
|
1 |
|a Praha :
|b Klub společenských věd, z.s.,
|c 2018
|
| 300 |
|
|
|a 64 stran ;
|c 21 cm
|
| 336 |
|
|
|a text
|b txt
|2 rdacontent
|
| 337 |
|
|
|a bez média
|b n
|2 rdamedia
|
| 338 |
|
|
|a svazek
|b nc
|2 rdacarrier
|
| 500 |
|
|
|a "Dialektika v praxi. Sborník textů z odborného semináře KSV, z.s. Dialektická metoda v řešení aktuálních společensko-politických problémů v ČR konaného dne 13.12.2018 v Praze"--Rub titulní stránky
|
| 500 |
|
|
|a Pod názvem: Rosa Luxemburg Stiftung
|
| 504 |
|
|
|a Obsahuje bibliografii a bibliografické odkazy
|
| 650 |
0 |
7 |
|a dialektický materialismus
|7 ph114313
|2 czenas
|
| 650 |
0 |
7 |
|a politika
|7 ph115795
|2 czenas
|
| 650 |
0 |
7 |
|a společnost
|7 ph116245
|2 czenas
|
| 650 |
0 |
9 |
|a dialectical materialism
|2 eczenas
|
| 650 |
0 |
9 |
|a politics
|2 eczenas
|
| 650 |
0 |
9 |
|a society
|2 eczenas
|
| 655 |
|
7 |
|a sborníky konferencí
|7 fd133333
|2 czenas
|
| 655 |
|
9 |
|a proceedings of conferences
|2 eczenas
|
| 710 |
2 |
|
|a Rosa-Luxemburg-Stiftung
|7 kn20080506020
|4 orm
|
| 910 |
2 |
|
|a BOA001
|b 2-1421.753
|
| 990 |
|
|
|a BK
|
| 995 |
|
|
|a 01
|
| 991 |
|
|
|b 201902
|c NOV
|
| 996 |
6 |
|
|b 2610769779
|c 2-1421.753
|l MZK
|r Sklad / do 1 hodiny
|n 0
|p p.v.
|w 001706784
|u 000010
|a 1
|e BOA001
|j MZK50
|s P
|